Project profiles and investment opportunities.
| Corporate Author: | |
|---|---|
| Format: | Book |
| Published: |
Nairobi:
Investment Promotion Centre,
1995.
|
| Subjects: |
| LEADER | 00492cam a2200169 7i4500 | ||
|---|---|---|---|
| 001 | 0000005012 | ||
| 005 | 19991025090000.0 | ||
| 002 | ##000006586 | ||
| 020 | 0 | 0 | |a T000005260 |
| 090 | 0 | 0 | |a KENA 332.6 |b INV |
| 110 | 1 | 0 | |a Investment Promotion Centre |
| 245 | 0 | 0 | |a Project profiles and investment opportunities. |
| 260 | 0 | 0 | |a Nairobi: |b Investment Promotion Centre, |c 1995. |
| 300 | 0 | 0 | |a v.p. |
| 650 | 0 | 0 | |a Investments -- |z Kenya |
| 651 | 0 | 0 | |a Kenya |
| 999 | |a 0000007758 |b Book |c Open shelf |e Business Information Centre | ||